MDQL
is popping MORE tags! Check the
thread
!
Quizzes
Events
Quiz Creation
Community
Videos
Private Events
Remove Ads
Sign In
Join for FREE
Feedback
Dark Mode
Quiz Categories
Sports
Geography
Music
Movies
Television
Just For Fun
Miscellaneous
History
Literature
Language
Science
Gaming
Entertainment
Religion
Holiday
For Kids
Quiz Lab
Recent
Popular Today
Quiz Kudos Today
Editor Picks
Curator Picks
Quizzes by...
Day
Popularity
Type
Ratings
Length
Year
Community
Subscriptions
Recent Discussions
Orange Saloon
Badges
Playlists
Quests
Create
Leaderboards
Showdown
Live 5
Trivia Bingo
Activity
Puzzle Library
Sporcle Events
Private Events
Virtual Trivia
Globe League
Become a Host
Pub Owners
SporcleCon
Opinionation
Our Games
Videos
Blog
Mobile Apps
Partnerships
Remove Ads and Go Orange
Feedback
Movies
Disney
Marvel Cinematic Universe
Movie Resume
Movie Titles
Oscar
Actor
Actress
Director
Pixar
Role
Movie Quotes
Movie Characters
Box Office
Nominee
Best Picture
Star Wars
James Bond
Horror Movies
Movies
Disney
Marvel Cinematic Universe
Movie Resume
Movie Titles
Oscar
Actor
Actress
Director
Pixar
Role
Movie Quotes
Movie Characters
Box Office
Nominee
Best Picture
Star Wars
James Bond
Horror Movies
Random Quiz
Search Sporcle
×
Quiz Lab
Quiz Lab
Movies
Best Picture
Type in answers that appear in a list
Type in answers that appear in a list
Classic
Best Score? Go Orange.
Golden Globe YES Oscar NO Stats
Can you name the films that won the Golden Globe for Best Drama but failed to win the Oscar for Best Picture?
By
sjunkins
10m
30 Questions
243 Plays
243 Plays
243 Plays
Comments
Comments
Give Quiz Kudos
Give Quiz Kudos
-
- Ratings
hide this ad
More Info
Replay
Link that replays current quiz
Next Quiz
Link to next quiz in quiz playlist
You Got
0%
They Got
Avg Score
27%
Avg Friend Score
Upgrade to see
Score Distribution
Jump to the score distribution portion of the page
Score
0/30
Timer
10:00
0
Plays Today
Year
Film
% Correct
2009
Avatar
72.8%
2010
The Social Network
59.7%
2005
Brokeback Mountain
57.2%
1998*
Saving Private Ryan
52.7%
2004
The Aviator
41.6%
2006
Babel
39.5%
2007
Atonement
38.7%
1982
E.T.
34.2%
2002*
The Hours
32.1%
1989*
Born on the Fourth of July
28.8%
1995
Sense and Sensibility
28%
1992
Scent of a Woman
27.2%
1991
Bugsy
26.7%
1973
The Exorcist
25.1%
1974
Chinatown
24.3%
Year
Film
% Correct
1981
On Golden Pond
22.6%
1977
The Turning Point
22.6%
1950
Sunset Boulevard
22.6%
1970
Love Story
18.9%
1965*
Doctor Zhivago
18.1%
1960* (x)
Spartacus
16.9%
1978
Midnight Express
15.6%
1969
Anne of the Thousand Days
13.6%
1968*
The Lion in Winter
13.6%
1964*
Becket
13.2%
1955 (x)
East of Eden
12.8%
1958*
The Defiant Ones
11.9%
1951*
A Place in the Sun
11.9%
1961*
The Guns of Navarone
11.1%
1963* (x)
The Cardinal
10.7%
Quiz Playlist
Details
Report
Send in Message
Add To Playlist
More Info:
* - Oscar Winner won Golden Globe for Best Musical or Comedy (x) - Golden Globe Winner was NOT nominated for a Best Picture at the Academy Awards
Classic:
Type in answers that appear in a list
Quiz Source
Last Updated: Feb 16, 2017
Quiz Scoreboard
CHALLENGE
Sign Up to Join the Scoreboard
Show All
Scores
Hide
Comments
May contain spoilers
Recently Published
Two Season TV Shows II
by 123Four
Television
10m
Image Sorting: Flags VI
by Barbecue
Geography
2m
Find the 'City' Movie
by crazypaving
Movies
60s
More to Explore
Quiz From the Vault
Featured Blog Post
14 Easter Pick-up Lines to Find Eggs With
hide this ad
You Might Also Like...
Tags
Best Picture Quiz
Oscar Quiz
Best Drama
Drama
Failed
globe
gold
Golden Globes
Image Quiz
Win
Winner
Won
Yes
Today's Top Quizzes in Movies
Browse Movies
hide this ad
Today's Top Quizzes in Best Picture
Browse Best Picture
Top Contributed Quizzes in Movies
1
The ultimate James Bond movie quiz
2
Find The 'Big' Movie
3
Find The 'Wild' Movie
4
Find The 'Blue' Movie
5
Movies By Plot
6
Hidden Star Wars Character II
7
Pick 5 Posters: Directed by Spielberg
8
Hidden Star Wars Character III
9
Hidden Star Wars Character IV
10
25 Best Actor Nominees (1990s)
Explore More
Trending Topics
Kpop
Harry Potter
Crossword
Anime
Disney
NBA
Marvel
The Office
NFL
Pokémon
Song
Country
Soccer
WWE
Puzzle
hide this ad
More By:
sjunkins
Quiz
Plays
Rating
Category
Featured
Created
US Government Last Five
90,063
4.40
History
Jan 30, 2010
One Word Movies: Robin Williams
44,960
4.27
Movies
Oct 31, 2009
Only 4 Letters
5,338
4.28
Miscellaneous
Aug 13, 2010
'W' Game
4,922
4.23
Miscellaneous
Dec 2, 2009
100 Years ... 100 Headlines
4,517
4.36
History
Dec 11, 2009
Go to Creator's Profile
Score Distribution
Quiz Creator Spotlight
sjunkins
Follow
Send a Message
Quizzes Created
-
Created Quiz Play Count
-
More By This Creator
Popular Quizzes Today
1
Find the US States - No Outlines Minefield
2
Colored Red Africa Blitz
3
Find the 'City' Movie
4
5x2 Blitz: Bands
5
The Countries of the World
6
Find the Countries of Europe - No Outlines Minefield
7
Find the US States
8
US States
More Movies Quizzes
'D' Movies by Picture II
Published
Trending Quizzes
Colored Red Europe Blitz I
Colored Red Africa Blitz II
Colored Red Europe Blitz II
Colored Red Africa Blitz III
Even More Two Season TV Shows
Recently Updated
March Madness Men's Triple Doubles
pecheneg
How Do You Spell That?
pecheneg
Godzilla Movies
pecheneg
Grab Bag: 4-10 Letters
pecheneg
2024 March Madness Bracket
pecheneg
Famous TV Couples
Peacemaker
Champions League XIs: Real Madrid
pecheneg
Largest US Cities 1790-2010
pecheneg
Rides in Walt Disney World
pecheneg
Most Oscar Losses (Acting)
pecheneg
Trending Topics
Kpop
Crossword
Marvel
Anime
Disney
Harry Potter
NBA
Puzzle
NFL
WWE
Soccer
Country
The Office
Song
Pokémon
Your Account Isn't Verified!
In order to create a playlist on Sporcle, you need to verify the email address you used during registration. Go to your
Sporcle Settings
to finish the process.
Report this User
Report this user for behavior that violates our
Community Guidelines
.
Details:
Send Report
Go to the Sporcle.com Mobile Site →
Comments